000 00438nam a2200157Ia 4500
008 230312s9999||||xx |||||||||||||| ||und||
020 _a0-7506-6628-5
082 _a711.4
_bLAN-U
100 _aLang;Joh.T
245 0 _aUrban Design a Typology of Procedures and Products
260 _bElsevier
_aIndia
_c2005
300 _a421
546 _aEng.
650 _aArchitecture
_vUrban Design a Typology of Procedures and Products
942 _cBK
999 _c9147
_d9147